000 00413nam a2200169Ia 4500
001 20118
003 IN-NITTTR
005 20251114233231.0
008 251113s9999||||xx |||||||||||||| ||eng||
040 _beng
040 _cIN-NITTTR
041 _aeng
082 _a005.74 W151C
100 _aWalker, D.W.
245 0 _aComputer based information systems :
_b an introduction /
_cWalker, D.W.
942 _2ddc
_cBK
999 _c22752
_d22752